El maleficio : primera parte de la trilogía del maleficio /
Guardado en:
| Autor Principal: | |
|---|---|
| Formato: | Libro |
| Publicado: |
Buenos Aires :
Destino
|
| Series: | La isla del tiempo; No. 2
|
| Materias: | |
| Etiquetas: |
Agregar Etiqueta
Sin Etiquetas, Sea el primero en etiquetar este registro!
|
| LEADER | 00735nam a22002295a 4500 | ||
|---|---|---|---|
| 001 | CEM.cems011306 | ||
| 005 | 20071022173939.0 | ||
| 008 | 130507b######################000#0#####d | ||
| 003 | CEMS | ||
| 020 | |a 9507320423 | ||
| 082 | 0 | 4 | |a 823.9 |
| 100 | 1 | |a Mcnish, Cliff | |
| 245 | 1 | 0 | |a El maleficio : |b primera parte de la trilogía del maleficio / |c Cliff Mcnish ; traducción de Eunice Cortés ; ilustraciones de Geoff Taylor |
| 260 | |a Buenos Aires : |b Destino | ||
| 300 | |a 229 p. | ||
| 490 | 0 | |a La isla del tiempo; No. 2 | |
| 653 | |a Literatura | ||
| 653 | |a Literatura inglesa | ||
| 653 | |a Literatura juvenil inglesa | ||
| 653 | |a Novelas | ||
| 653 | |a Novela juvenil inglesa | ||
| 859 | |a CEMS |b BIB. CEMS - 11 de abril |h 823.9 |i M233 |p 22226.03 |t Ej.1 | ||
